| 000 | 00920nam a2200265 a 4500 | ||
|---|---|---|---|
| 001 | 000042022 | ||
| 005 | 20250217111403.0 | ||
| 008 | 131107s1984 sp ac 000 0bspa d | ||
| 020 | _a8434581493 | ||
| 040 |
_aDO-SdBNP _bspa _cBNPHU |
||
| 082 |
_a181.4 _bG195R |
||
| 100 | 1 |
_aRau, Heimo, _d1912-1993 _968971 |
|
| 240 | 1 | 0 |
_aGandhi _lspa |
| 245 | 1 | 0 |
_aGandhi / _cHeimo Rau ; traducción Rosa Pilar Blanco ; prólogo Ramiro A. Calle. |
| 260 |
_aBarcelona : _bSalvat, _c1984. |
||
| 300 |
_a187 p. : _bil., retrs. ; _c20 cm. |
||
| 490 | 1 |
_aBiblioteca Salvat de grandes biografías _v4 |
|
| 500 | _aTraducción de: Gandhi. | ||
| 504 | _aBibliografía : p. 187 | ||
| 600 | 1 | 0 |
_aGandhi, _cMahatma, _d1869-1948 _921118 |
| 700 | 1 | 2 |
_aPilar Blanco, Rosa _etr. _950113 |
| 700 | 1 | 2 |
_aCalle, Ramiro A. _epról. _968972 |
| 830 | 0 |
_aBiblioteca Salvat de grandes biografías _n4 _968973 |
|
| 910 | _aValidado. Control de calidad MFF | ||
| 999 |
_c41511 _d41511 |
||